The Industrial Market (Record no. 119054)

MARC details
000 -LEADER
fixed length control field 00556cas a22001935a 4500
001 - CONTROL NUMBER
control field L138878
008 - FIXED-LENGTH DATA ELEMENTS--GENERAL INFORMATION
fixed length control field 070717d19861996xxkar p 0 a0eng u
035 ## - SYSTEM CONTROL NUMBER
System control number (Sirsi) u138878
041 0# - LANGUAGE CODE
Language code of text/sound track or separate title eng
240 ## - UNIFORM TITLE
Uniform title Estates Times
-- Industrial Review
245 04 - TITLE STATEMENT
Title The Industrial Market
Remainder of title an Estates Times Supplement
260 ## - PUBLICATION, DISTRIBUTION, ETC.
Place of publication, distribution, etc. London
Name of publisher, distributor, etc. Estates Times
Date of publication, distribution, etc. [1986]-1996
362 0# - DATES OF PUBLICATION AND/OR SEQUENTIAL DESIGNATION
Dates of publication and/or sequential designation [1986]-23 February 1996
554 ## -
-- One per year
651 #4 - SUBJECT ADDED ENTRY--GEOGRAPHIC NAME
Geographic name United Kingdom
Chronological subdivision
690 ## - LOCAL SUBJECT ADDED ENTRY--TOPICAL TERM (OCLC, RLIN)
Topical term or geographic name as entry element PROPERTY-INDUSTRIAL PROPERTY
785 00 - SUCCEEDING ENTRY
Title Property Week
International Standard Serial Number 0969-7594
942 ## - ADDED ENTRY ELEMENTS (KOHA)
Suppress in OPAC 0
Holdings
Withdrawn status Lost status Source of classification or shelving scheme Damaged status Not for loan Home library Current library Shelving location Date acquired Total Checkouts Full call number Barcode Date last seen Price effective from Koha item type
    Dewey Decimal Classification     London London Gallery 17/07/2007   PROPERTY WEEK 138878-1001 06/08/2019 06/08/2019 Journal